Normal view
MARC view
- Control de la natalidad
Entry Materia
001 - NÚMERO DE CONTROL DEL REGISTRO
- campo de control: 6016
003 - IDENTIFICADOR DE NUMERO DE CONTROL
- campo de control: MX-MxUPN
005 - FECHA Y HORA DE LA ÚLTIMA TRANSACCIÓN
- campo de control: 20230619144051.0
008 - DATOS DE LONGITUD FIJA
- campo de control de longitud fija: 230619dn fnznnaabd n ana |d
035 ## - NÚMERO DE CONTROL DEL SISTEMA
- Número de control del sistema: UPN10000006017
040 ## - FUENTE DE LA CATALOGACIÓN
- Lengua de catalogación: spa
- Centro catalogador de origen: MX-MxUPN
053 #4 - NÚMERO CLASIFICADOR - BIBLIOTECA DEL CONGRESO (LC)
- Elemento numérico de la clasificación - Número único o no. inicial del rango: HQ766.6
150 ## - ENCABEZAMIENTO - TEMÁTICO
- Término de materia o nombre geográfico como elemento inicial: Control de la natalidad
- Subdivisión geográfica: México
670 ## - FUENTE EN LA QUE SE LOCALIZARON DATOS
- Cita de la fuente: Escamilla González, G. Lista de encabezamientos de materia, 1978 :
- Enlace: página 207 (Control de la natalidad -- México)
902 ## - CATALOGADOR
- Catalogador: CAA/
- Catalogador: VíctorGodínez/190623
